000 00988nam a22003377a 4500
001 BR0501486
003 BR-BrBNA
005 20230928101854.0
007 ta
008 230509b bl.||||| |||| 00| 0 por d
040 _aBR-BrBNA
_bpor
_cBiblioteca Nacional de Agricultura
041 _a(Por)
072 _aF08
_b1300
090 _ 1300 BR0501486
100 1 _aCarneiro, F. dos C.
100 1 _aBrilhante, N.C.
110 1 _aGoverno do Estado do Pará, Belém (Brasil). Secretaria Especial de Produção
_95382
245 1 _aCultivo de hortaliças pela técnica de hidroponia
260 3 _aBelém, PA (Brasil):
_c2001.
300 _a15 p.
500 _a9 ref.; 6 tables; 5 illus.
650 _aHORTALIÇA
650 _aCULTIVO HIDROPÔNICO
650 _aDIFUSÃO DE TECNOLOGIA
650 _aSOLUÇÃO NUTRITIVA
650 _aPRAGA DE PLANTA
650 _aDOENÇA DE PLANTA
650 _aCUSTO DE PRODUÇÃO
909 _a202309
_bLucia
_c55
_dLucia Elande
942 _cBK
999 _c67994
_d67994